000 01142cam a2200349 i 4500
001 18516296
003 NUST
005 20220301144311.0
008 150305s2015 nyua b 001 0 eng
010 _a 2015004174
020 _a9780134086781 (hardcover : alk. paper)
020 _z0134086783
038 _awaseem
040 _aDLC
_beng
_cDLC
_erda
_dDLC
042 _apcc
050 0 0 _aTK7876
_b.Y46 2015
082 0 0 _a621.38132
_bYEO
100 1 _aYeom, Kyung-Whan.
_990083
245 1 0 _aMicrowave circuit design :
_ba practical approach using ADS /
_cKyung-Whan Yeom.
264 1 _aNew York :
_bPrentice Hall,
_c2015.
300 _axvii, 780 pages :
_billustrations ;
_c27 cm
336 _atext
_2rdacontent
337 _aunmediated
_2rdamedia
338 _avolume
_2rdacarrier
500 _aIncludes index.
563 _aHBK.
630 0 0 _aAdvanced design system.
_990084
650 0 _aMicrowave circuits
_xComputer-aided design.
_990085
906 _a7
_bcbc
_corignew
_d1
_eecip
_f20
_gy-gencatlg
942 _2ddc
_cBK
999 _c588487
_d588487